|
|
|
|
| LEADER |
01163cam a2200277 a 4500 |
| 010 |
|
|
|a 97015656
|
| 020 |
|
|
|a 0805828230 (acidfree paper)
|
| 020 |
|
|
|a 0805828249 (pbk. : aacid=free paper)
|
| 082 |
0 |
0 |
|a 025.04
|2 21
|
| 245 |
0 |
0 |
|a Human factors and Web development /
|c edited by Julie Ratner.
|
| 260 |
|
|
|a Mahwah, N.J. :
|b Lawrence Erlbaum Associates,
|c 1998.
|
| 300 |
|
|
|a ix, 280 p. :
|b ill. ;
|c 24 cm.
|
| 650 |
|
0 |
|a Web sites
|
| 650 |
|
0 |
|a Web sites
|
| 650 |
|
0 |
|a World Wide Web
|
| 650 |
|
0 |
|a Human-computer interaction.
|
| 700 |
1 |
|
|a Forsythe, Chris.
|
| 700 |
1 |
|
|a Grose, Eric.
|
| 700 |
1 |
|
|a Ratner, Julie.
|
| 942 |
|
|
|2 ddc
|c BK
|
| 504 |
|
|
|a Includes bibliographical references and indexes.
|
| 856 |
4 |
2 |
|3 Publisher description
|u http://www.loc.gov/catdir/enhancements/fy0745/97015656-d.html
|
| 906 |
|
|
|a 7
|b cbc
|c orignew
|d 1
|e ocip
|f 19
|g y-gencatlg
|
| 955 |
|
|
|a pc14 to ja00 05-06-97; jf06 to subj 05-06-97; jf08 05-06-97 to SL;jf12 05-06-97; jk00 10-20-97; CIP ver. jk14 10-21-97
|
| 999 |
|
|
|c 148953
|d 148953
|
| 952 |
|
|
|0 0
|1 0
|4 0
|6 025_040000000000000_RAT_H
|7 0
|9 159121
|a MCJ
|b MCJ
|c ST1
|d 2011-09-02
|i 2354
|l 1
|o 025.04 RAT/H
|p MCJ2354
|r 2020-10-08
|s 2019-07-29
|w 2014-06-21
|y BK
|